[Event "Nordsjaelland Weekend EMT 2019"]
[Site "Allerod"]
[Date "2019.01.06"]
[Round "5.2"]
[White "Norgaard, Jesper"]
[Black "Vasli, Aref"]
[Result "1-0"]
[WhiteElo "2322"]
[BlackElo "2251"]
[PlyCount "153"]
[EventDate "2019.??.??"]
[EventCountry "DEN"]

1. e4 {2} e5 {254} 2. Nf3 {9} Nc6 {6} 3. Bb5 {11} a6 {6} 4. Ba4 {12} Nf6 {7} 5.
O-O {3} Be7 {5} 6. Re1 {19} b5 {6} 7. Bb3 {10} d6 {19} 8. c3 {20} O-O {8} 9. h3
{11} Bb7 {6} 10. d4 {22} Re8 {13} 11. Ng5 {279} Rf8 {6} 12. Nf3 {6} Re8 {6} 13.
Nbd2 {5} exd4 {18} 14. cxd4 {10} Nd7 {6} 15. Nf1 {50} Na5 {15} 16. Bc2 {10} Bf6
{14} 17. Ng3 {84} g6 {16} 18. Rb1 {983} c5 {116} 19. d5 {31} Nc4 {64} 20. b3 {
414} Ncb6 {195} 21. Bf4 {378} Ne5 {264} 22. Nxe5 {102} Bxe5 {44} 23. Qd2 {55}
b4 {685} 24. Bxe5 {77} Rxe5 {61} 25. Nf1 {193} a5 {27} 26. Ne3 {70} Qg5 {218}
27. g3 {396} Re7 {632} 28. Kg2 {188} h5 {400} 29. f4 {282} Qf6 {40} 30. Nc4 {
261} Nxc4 {6} 31. bxc4 {15} Ba6 {43} 32. Bd3 {1264} Rae8 {132} 33. Qe3 {319}
Kg7 {986} 34. Re2 {29} Qc3 {540} 35. Rb3 {154} Qf6 {687} 36. Rb1 {2} a4 {15}
37. Rbe1 {60} Qc3 {29} 38. Qd2 {197} Qxd2 {465} 39. Rxd2 {2} Bc8 {78} 40. Rde2
{20} f6 {23} 41. h4 {187} Bg4 {6} 42. Re3 {1} a3 {5} 43. Bc2 {32} Bd7 {89} 44.
Kf2 {5} Ra8 {66} 45. Ke2 {65} Ba4 {27} 46. Kd2 {14} Bxc2 {9} 47. Kxc2 Rae8 {70}
48. Kb3 {11} g5 {91} 49. hxg5 {321} fxg5 {8} 50. e5 {5} Kg6 {163} 51. e6 {30}
Rf8 {35} 52. Rf3 {67} g4 {79} 53. Rf2 {16} Rf5 {6} 54. Rh2 {29} Rf8 {8} 55.
Reh1 {12} Rf5 {2} 56. Ka4 {40} Rb7 {31} 57. Re2 {57} Kf6 {97} 58. Rhe1 {65} Ke7
{1} 59. Rh1 {34} Rb8 {35} 60. Reh2 {15} Rh8 {68} 61. Rh4 {1} Kf6 {8} 62. Kb3 {
39} Kg7 {11} 63. Rxg4+ {30} Kf6 {95} 64. Rgh4 {3} Rg8 {7} 65. R1h3 {2} Rg7 {18}
66. Kc2 {55} Rg8 {19} 67. Rxh5 {138} Rxh5 {10} 68. Rxh5 {2} Rxg3 {8} 69. Rh6+ {
16} Rg6 {128} 70. e7 {47} Rxh6 {19} 71. e8=Q {5} Kf5 {62} 72. Qf8+ {19} Rf6 {3}
73. Qg7 {14} Rg6 {40} 74. Qh7 {2} Kf6 {16} 75. Kb3 {25} Rg3+ {13} 76. Ka4 {2}
Rg6 {65} 77. Qd7 {21} 1-0

[Event "Nordsjaelland Weekend EMT 2019"]
[Site "Allerod"]
[Date "2019.01.06"]
[Round "5.3"]
[White "Hoi, Carsten"]
[Black "Hansen, Lars"]
[Result "1/2-1/2"]
[WhiteElo "2413"]
[BlackElo "2206"]
[PlyCount "81"]
[EventDate "2019.??.??"]
[EventCountry "DEN"]

1. c4 {12} b6 {29} 2. d4 {36} Bb7 {69} 3. Nf3 {19} e6 {6} 4. g3 {42} Bb4+ {106}
5. Bd2 {63} Bxf3 {21} 6. exf3 {14} Bxd2+ {10} 7. Qxd2 {94} Ne7 {20} 8. d5 {130}
O-O {134} 9. Bg2 {101} exd5 {229} 10. cxd5 {104} c5 {132} 11. dxc6 {573} dxc6 {
47} 12. f4 {97} Qxd2+ {342} 13. Nxd2 {145} Nd7 {54} 14. Ne4 {374} Rad8 {445}
15. O-O-O {135} Nd5 {777} 16. Rd2 {92} Rc8 {1054} 17. Nd6 {194} Rc7 {15} 18.
Re1 {32} N7f6 {204} 19. Nc4 {35} Ne7 {445} 20. Ne5 {161} c5 {419} 21. Nd7 {430}
Re8 {379} 22. Bh3 {100} Nxd7 {642} 23. Bxd7 {553} Rd8 {17} 24. Red1 {262} g6 {
73} 25. Kc2 {280} Kg7 {33} 26. g4 {134} Nc6 {169} 27. Bxc6 {37} Rxd2+ {4} 28.
Rxd2 {250} Rxc6 {3} 29. Rd5 {108} Rf6 {56} 30. f5 {45} h6 {164} 31. Kd3 {115}
gxf5 {38} 32. gxf5 {3} Rc6 {116} 33. a4 {101} Kf6 {54} 34. Rd7 {49} c4+ {96}
35. Kc3 {371} a5 {2} 36. Kd4 {153} h5 {15} 37. f4 {324} h4 {27} 38. h3 {17} Rc5
{99} 39. Rd6+ {259} Kxf5 {8} 40. Rxb6 {3} Rc7 {8} 41. Ke3 {221} 1/2-1/2

[Event "Nordsjaelland Weekend EMT 2019"]
[Site "Allerod"]
[Date "2019.01.06"]
[Round "5.5"]
[White "Strange, Mikkel"]
[Black "Kristensen, Kaare Hove"]
[Result "1-0"]
[WhiteElo "2364"]
[BlackElo "2301"]
[PlyCount "143"]
[EventDate "2019.??.??"]
[EventCountry "DEN"]

1. e4 {2} c5 {7} 2. c3 {16} d5 {8} 3. exd5 {4} Nf6 {8} 4. d4 {63} Nxd5 {21} 5.
dxc5 {75} e6 {36} 6. c4 {16} Nb4 {58} 7. a3 {21} Qxd1+ {100} 8. Kxd1 {9} N4c6 {
15} 9. Be3 {70} Nd7 {148} 10. Nc3 {372} Bxc5 {185} 11. Nf3 {189} Bxe3 {568} 12.
fxe3 {6} O-O {32} 13. Kc2 {138} Nde5 {368} 14. h3 {163} b6 {237} 15. Be2 {85}
Bb7 {172} 16. Rhd1 {69} Rfd8 {66} 17. Nb5 {72} Rxd1 {380} 18. Rxd1 {71} Kf8 {34
} 19. Nd6 {76} Rb8 {165} 20. Nxb7 {162} Rxb7 {19} 21. Nxe5 {6} Nxe5 {10} 22.
Rd8+ {20} Ke7 {10} 23. Ra8 {105} Rc7 {73} 24. b3 {126} Kf6 {131} 25. Kc3 {152}
Kf5 {125} 26. Rd8 {325} Ke4 {448} 27. Kd2 {53} Rd7+ {18} 28. Rxd7 {7} Nxd7 {3}
29. Bd3+ {156} Ke5 {10} 30. b4 {26} Nf6 {704} 31. Kc3 {91} Ne4+ {35} 32. Kb3 {
187} f5 {733} 33. Bxe4 {240} Kxe4 {10} 34. Ka4 {5} g5 {366} 35. Kb5 {151} g4 {
57} 36. hxg4 {1366} fxg4 {110} 37. c5 {7} bxc5 {88} 38. bxc5 {7} Ke5 {65} 39.
Kc6 {139} h5 {94} 40. Kd7 {124} h4 {74} 41. c6 {13} h3 {7} 42. gxh3 {57} gxh3 {
163} 43. c7 {7} h2 {9} 44. c8=Q {21} h1=Q {8} 45. Qb8+ {20} Kf6 {383} 46. Qf8+
{58} Kg6 {88} 47. Qg8+ {100} Kf6 {65} 48. Qxe6+ {16} Kg5 {131} 49. Qg8+ {176}
Kf6 {55} 50. Qf8+ {29} Kg6 {16} 51. Qd6+ {10} Kf5 {101} 52. Qf4+ {47} Kg6 {3}
53. Qd6+ {46} Kf5 {5} 54. Qc5+ {13} Kg4 {20} 55. Kc7 {40} Qh7+ {53} 56. Kc6 {24
} Kf3 {39} 57. Kb5 {55} Qb7+ {82} 58. Ka5 {10} Qb3 {78} 59. Ka6 {355} Qa4+ {7}
60. Kb7 {49} Qd7+ {6} 61. Kb8 {142} a5 {14} 62. Qxa5 {75} Qe8+ {77} 63. Kb7 {48
} Qe7+ {42} 64. Qc7 {41} Qxa3 {36} 65. Qf4+ {10} Ke2 {8} 66. e4 {7} Qe7+ {51}
67. Kc6 {15} Qe6+ {30} 68. Kc5 {20} Qc8+ {39} 69. Kd5 {26} Qb7+ {12} 70. Ke5 {
14} Qe7+ {46} 71. Kf5 {13} Qxe4+ 72. Kxe4 1-0

[Event "Nordsjaelland Weekend EMT 2019"]
[Site "Allerod"]
[Date "2019.01.06"]
[Round "5.6"]
[White "Hove, Esben Kjems"]
[Black "Ramsdal, Jens Albert"]
[Result "1-0"]
[WhiteElo "2280"]
[BlackElo "2211"]
[PlyCount "189"]
[EventDate "2019.??.??"]
[EventCountry "DEN"]

1. d4 {2} Nf6 {8} 2. Nf3 {9} g6 {5} 3. g3 {12} Bg7 {4} 4. Bg2 {4} O-O {6} 5.
O-O {5} c5 {31} 6. c3 {97} d5 {71} 7. Nbd2 {162} b6 {92} 8. Ne5 {47} Bb7 {41}
9. f4 {336} Nc6 {302} 10. e3 {221} cxd4 {43} 11. exd4 {26} e6 {105} 12. Qe2 {
206} Qc8 {264} 13. Re1 {45} Na5 {69} 14. g4 {260} Ba6 {403} 15. Qf3 {63} Ne8 {
632} 16. Nf1 {322} Bxf1 {116} 17. Bxf1 {97} Nd6 {675} 18. g5 {338} Nc6 {259}
19. Bd3 {649} Ne7 {6} 20. Be3 {217} b5 {194} 21. Re2 {194} Qb7 {200} 22. h4 {81
} Rfc8 {124} 23. h5 {111} Rc7 {5} 24. hxg6 {51} hxg6 {22} 25. Qh3 {106} Nef5 {
43} 26. a3 {176} a5 {11} 27. Rh2 {97} Rac8 {168} 28. Bd2 {147} Qb6 {363} 29.
Kh1 {196} Kf8 {94} 30. Qf3 {166} Ne4 {296} 31. Be1 {52} Ned6 {277} 32. Bf1 {282
} Ke7 {64} 33. Qe2 {245} Rh8 {572} 34. Rxh8 {49} Bxh8 {1} 35. Bg2 {50} Bxe5 {
130} 36. Qxe5 {129} Nc4 {76} 37. Qf6+ {87} Kd6 {1} 38. b3 {259} Nce3 {18} 39.
Qd8+ {72} Kc6 {12} 40. Bf3 {102} Kb7 {35} 41. Ra2 {75} Qd6 {266} 42. Qxd6 {17}
Nxd6 {2} 43. Bd2 {72} Nef5 {11} 44. a4 {277} Ne4 {57} 45. Bxe4 {194} Ng3+ {1}
46. Kg2 {10} Nxe4 {1} 47. Be1 {127} Nxc3 {21} 48. Rc2 {17} b4 {12} 49. Kf3 {15}
Ne4 {73} 50. Rxc7+ {6} Kxc7 51. Ke3 {16} Nd6 {38} 52. Kd3 {27} Kd7 {14} 53. Bd2
{11} Ke7 {4} 54. Be1 {29} Ne4 {16} 55. Bh4 {13} Nd6 {36} 56. Bg3 {43} Nf5 {14}
57. Be1 Kd6 {41} 58. Bf2 {10} Ke7 {1} 59. Be1 {6} f6 {22} 60. Bf2 {12} Kf7 {14}
61. Be1 {17} fxg5 {95} 62. fxg5 {6} e5 {62} 63. dxe5 {19} Ke6 64. Bf2 {28} Ne7
{132} 65. Kd4 {83} Nc6+ {129} 66. Kc5 {13} Nxe5 {2} 67. Kb5 {42} Kf5 {238} 68.
Kxa5 {58} d4 {1} 69. Bxd4 {283} Nc6+ 70. Kb6 {7} Nxd4 {98} 71. a5 {4} Kxg5 {73}
72. a6 {10} Nxb3 {9} 73. a7 {5} Nd4 {8} 74. a8=Q {9} Nf5 {43} 75. Kc5 {24} b3 {
9} 76. Qg2+ {21} Kf6 {20} 77. Qb2+ {8} Kg5 {5} 78. Qxb3 {11} Kf4 {152} 79. Qc4+
{70} Ke5 {73} 80. Qd5+ {33} Kf6 {38} 81. Qd8+ {10} Ke6 {56} 82. Qe8+ {60} Kf6 {
21} 83. Kd5 {7} Ne7+ {4} 84. Ke4 {12} Ke6 {38} 85. Kf4 {35} Kf6 {11} 86. Qf8+ {
11} Ke6 {7} 87. Kg5 {9} Kd7 {93} 88. Kf6 {16} Nd5+ {2} 89. Kxg6 {13} Ne7+ 90.
Kf6 {32} Nd5+ {23} 91. Ke5 {14} Nc7 {13} 92. Qd6+ {42} Kc8 {6} 93. Qe7 {12} Na6
{65} 94. Kd6 {30} Kb8 95. Kc6 {14} 1-0

[Event "Nordsjaelland Weekend EMT 2019"]
[Site "Allerod"]
[Date "2019.01.06"]
[Round "5.7"]
[White "Hansen, Soren Bech"]
[Black "Ostergaard, Jens"]
[Result "1/2-1/2"]
[WhiteElo "2240"]
[BlackElo "2181"]
[PlyCount "62"]
[EventDate "2019.??.??"]
[EventCountry "DEN"]

1. e4 {1} c5 {9} 2. Nf3 {7} Nc6 {16} 3. Bb5 {6} e6 {67} 4. Bxc6 {48} dxc6 {96}
5. O-O {73} Qc7 {127} 6. d3 {990} Ne7 {37} 7. Nc3 {81} Ng6 {71} 8. Be3 {372}
Bd6 {99} 9. Ne2 {69} f5 {392} 10. exf5 {596} exf5 {10} 11. Bd2 {216} Bd7 {1014}
12. a3 {161} O-O-O {144} 13. b4 {75} f4 {905} 14. h3 {454} Ne5 {404} 15. Nc3 {
86} c4 {285} 16. d4 {79} Ng6 {46} 17. Ne4 {123} Bf5 {128} 18. Re1 {26} Rhe8 {50
} 19. Nxd6+ {245} Qxd6 {10} 20. Rxe8 {11} Rxe8 {7} 21. Bc3 {30} Qd5 {64} 22.
Ne5 {517} Nxe5 {927} 23. dxe5 {5} Qe4 {65} 24. Rc1 {300} Re6 {161} 25. Kh2 {307
} f3 {393} 26. Qxf3 {33} Qxf3 {7} 27. gxf3 {4} Rh6 {8} 28. Kg3 {64} Rxh3+ {22}
29. Kf4 {16} Be6 {15} 30. Rg1 {78} g6 {20} 31. Rg3 {88} Rh5 {58} 1/2-1/2